[Event "Hastings international Boards 34-39"]
[Site "Horntye, Hastings"]
[Date "2017.12.28"]
[Round "1.36"]
[White "Lovell, William Pm"]
[Black "Rice, Chris B"]
[Result "0-1"]
[BlackElo "1969"]
[WhiteElo "1688"]
[EventDate "2017.12.28"]

1. d4 {[%clk 1:40:57]} Nf6 {[%clk 1:39:28]} 2. Nc3 {[%clk 1:41:16]} d5
{[%clk 1:37:32]} 3. Bf4 {[%clk 1:41:38]} e6 {[%clk 1:29:26]} 4. e3
{[%clk 1:41:23]} Be7 {[%clk 1:28:28]} 5. h3 {[%clk 1:40:38]} O-O {[%clk 1:22:27]}
6. Nf3 {[%clk 1:40:16]} b6 {[%clk 1:20:57]} 7. Bd3 {[%clk 1:39:52]} Bb7
{[%clk 1:19:56]} 8. Nb5 {[%clk 1:27:05]} Na6 {[%clk 1:14:56]} 9. a3
{[%clk 1:26:14]} c6 {[%clk 0:56:17]} 10. Nc3 {[%clk 1:26:32]} c5 {[%clk 0:53:58]}
11. O-O {[%clk 1:23:46]} Nc7 {[%clk 0:50:50]} 12. Ne5 {[%clk 1:22:05]} c4
{[%clk 0:47:04]} 13. Be2 {[%clk 1:22:11]} b5 {[%clk 0:47:02]} 14. b4
{[%clk 1:11:04]} a5 {[%clk 0:34:53]} 15. Na2 {[%clk 1:07:28]} Ne4
{[%clk 0:31:07]} 16. f3 {[%clk 0:57:34]} Nd6 {[%clk 0:31:27]} 17. Ng4
{[%clk 0:55:50]} f6 {[%clk 0:28:03]} 18. Qd2 {[%clk 0:54:53]} axb4
{[%clk 0:27:50]} 19. Nxb4 {[%clk 0:53:04]} Qd7 {[%clk 0:26:41]} 20. c3
{[%clk 0:52:32]} Ra5 {[%clk 0:26:35]} 21. Qb2 {[%clk 0:38:10]} Na8
{[%clk 0:24:29]} 22. Rfb1 {[%clk 0:33:06]} Nb6 {[%clk 0:22:19]} 23. Nf2
{[%clk 0:31:04]} Rfa8 {[%clk 0:20:36]} 24. Nd1 {[%clk 0:29:03]} Nf5
{[%clk 0:16:24]} 25. Qc1 {[%clk 0:25:56]} h5 {[%clk 0:14:38]} 26. g4
{[%clk 0:23:38]} hxg4 {[%clk 0:14:56]} 27. fxg4 {[%clk 0:22:29]} Nd6
{[%clk 0:14:28]} 28. Nf2 {[%clk 0:21:18]} Nf7 {[%clk 0:13:23]} 29. Bg3
{[%clk 0:20:41]} Bd6 {[%clk 0:13:16]} 30. Bxd6 {[%clk 0:20:19]} Qxd6
{[%clk 0:13:41]} 31. Kg2 {[%clk 0:20:37]} e5 {[%clk 0:12:40]} 32. Rb2
{[%clk 0:19:01]} Rxa3 {[%clk 0:08:46]} 33. Rab1 {[%clk 0:19:14]} Na4
{[%clk 0:08:12]} 34. Rc2 {[%clk 0:19:30]} Rb3 {[%clk 0:08:05]} 35. Bf3
{[%clk 0:18:42]} e4 {[%clk 0:07:26]} 36. Bd1 {[%clk 0:18:39]} Rxb1
{[%clk 0:02:44]} 37. Qxb1 {[%clk 0:19:07]} Bc8 {[%clk 0:02:31]} 38. Nh1
{[%clk 0:14:48]} Bd7 {[%clk 0:02:30]} 39. Ng3 {[%clk 0:14:29]} Nh8
{[%clk 0:01:45]} 40. Qc1 {[%clk 0:13:32]} Ng6 {[%clk 0:02:00]} 41. Rf2
{[%clk 0:13:33]} Nb6 {[%clk 0:49:37]} 42. Qd2 {[%clk 1:03:05]} Ra1
{[%clk 0:45:43]} 43. Be2 {[%clk 1:01:49]} Ra3 {[%clk 0:42:54]} 44. Qb2
{[%clk 1:01:26]} Rb3 {[%clk 0:42:47]} 45. Qa1 {[%clk 1:01:11]} Nh4+
{[%clk 0:25:58]} 46. Kh2 {[%clk 1:01:36]} Na4 {[%clk 0:26:21]} 47. Bd1
{[%clk 0:59:35]} Rxc3 {[%clk 0:25:27]} 48. Nc2 {[%clk 0:57:15]} Rd3
{[%clk 0:23:29]} 49. Be2 {[%clk 0:57:01]} Rb3 {[%clk 0:21:29]} 50. Bd1
{[%clk 0:56:46]} Kh7 {[%clk 0:17:06]} 51. Be2 {[%clk 0:56:56]} b4
{[%clk 0:15:58]} 52. Qc1 {[%clk 0:56:43]} Rc3 {[%clk 0:16:10]} 53. Qd2
{[%clk 0:56:43]} b3 {[%clk 0:15:53]} 54. Ne1 {[%clk 0:56:23]} b2 {[%clk 0:15:43]}
55. Qd1 Bc8 0-1

[Event "Hastings international Boards 34-39"]
[Site "Horntye, Hastings"]
[Date "2017.12.28"]
[Round "1.37"]
[White "Ramstad, Havard"]
[Black "Lalla, Karol"]
[Result "1-0"]
[BlackElo "1600"]
[WhiteElo "1965"]
[EventDate "2017.12.28"]

1. d4 c6 2. c4 e6 3. Nc3 d5 4. Nf3 f5 5. h3 Nf6 6. g4 Bd6 7. gxf5 O-O 8. Rg1 Qc7
9. Bh6 Rf7 10. Ng5 gxh6 1-0

[Event "Hastings international Boards 34-39"]
[Site "Horntye, Hastings"]
[Date "2017.12.28"]
[Round "1.38"]
[White "Witt, Holger"]
[Black "Rogacewicz, Mikolaj"]
[Result "0-1"]
[BlackElo "1961"]
[WhiteElo "1585"]
[EventDate "2017.12.28"]

1. c4 Nf6 2. Nc3 b6 3. d3 g6 4. e4 d6 5. f4 Bg7 6. Be2 c5 7. Bf3 e5 8. Nge2 Nc6
9. O-O Bg4 10. a3 Bxf3 11. Rxf3 exf4 12. Rxf4 Nh5 13. Rf3 Qh4 14. Be3 O-O 15. Rh3
Qg4 16. Nd5 Bxb2 17. Rb1 Bg7 18. Qd2 f5 19. exf5 Qxf5 20. Rf3 Qd7 21. Rbf1 Ne7
22. Rxf8+ Rxf8 23. Rxf8+ Kxf8 24. Nef4 Nxf4 25. Nxf4 Bf6 26. Nd5 Nxd5 27. cxd5
Qf5 28. Bh6+ Kf7 29. Qe2 Bd4+ 30. Kh1 Qxd5 31. Qf1+ Qf5 32. Qe2 Qf2 33. Qf3+ Qxf3
34. gxf3 Bb2 35. a4 d5 36. Kg2 c4 37. dxc4 dxc4 38. Kf2 c3 39. Ke2 c2 40. Kd3
c1=Q 41. Bxc1 Bxc1 42. Kc4 Kf6 0-1

[Event "Hastings international Boards 34-39"]
[Site "Horntye, Hastings"]
[Date "2017.12.28"]
[Round "1.39"]
[White "Larsen, Andreas"]
[Black "Verma, Shlok"]
[Result "1-0"]
[BlackElo "1553"]
[WhiteElo "1953"]
[EventDate "2017.12.28"]

1. e4 e6 2. d4 d5 3. Bd3 dxe4 4. Bxe4 Nf6 5. Bf3 c5 6. Ne2 cxd4 7. Qxd4 Nbd7 8.
O-O Bc5 9. Qa4 O-O 10. b4 Bb6 11. Bb2 Re8 12. c4 Qe7 13. Nd2 e5 14. Ng3 Nf8 15.
Rfe1 Ng6 16. Rad1 Bd7 17. Qa3 Bg4 18. c5 Bxf3 19. Qxf3 Bc7 20. Nf5 Qe6 21. Ne4
Nd5 22. Ng5 Qf6 23. Nxh7 Kxh7 24. Rxd5 Nf4 25. Rd7 Qxf5 26. Rxc7 b6 27. g3 Nh3+
28. Kg2 Qxf3+ 29. Kxf3 Ng5+ 30. Kg2 f6 31. c6 Rec8 32. Rxc8 Rxc8 33. b5 Rc7 34.
f4 exf4 35. gxf4 Nf7 36. Ba3 Kg6 37. Re7 Rc8 38. f5+ Kxf5 39. Rxf7 Rd8 40. Rd7
Re8 41. c7 1-0

[Event "Hastings Masters"]
[Site "Horntye, Hastings"]
[Date "2017.12.28"]
[Round "1.40"]
[White "Pagamdulam, Munkhdemberel"]
[Black "Stoyanov, Viktor"]
[Result "0-1"]
[WhiteElo "1175"]
[BlackElo "1950"]
[PlyCount "36"]
[EventDate "2017.12.28"]

1. e4 c5 2. Nf3 d6 3. d4 cxd4 4. Qxd4 Nf6 5. Nc3 a6 6. a3 Nc6 7. Qa4 Bd7 8. Qc4
b5 9. Qd3 g6 10. Bf4 Bg7 11. Be2 O-O 12. h4 Nh5 13. Be3 Qa5 14. Rg1 b4 15. Nd5
bxa3+ 16. Bd2 axb2 17. Rb1 Qa2 18. c3 f5 0-1